| 000 | 00530nam a2200145Ia 4500 | ||
|---|---|---|---|
| 008 | 150609s9999 xx 000 0 und d | ||
| 050 |
_aHF 5410 _b.R144 2015 |
||
| 100 | _aRagos, Patrick Jayson S. | ||
| 245 |
_aPurchase order system for solar and wind power incorporation / _cPatricia Jayson S. Ragos. |
||
| 260 |
_aLas PiƱas, Philippines : _bSISC, _c2015. |
||
| 300 |
_a94 pages : _billustrations ; _c28 cm. |
||
| 500 | _aIncludes bibliographical references and appendices. | ||
| 650 | _aPurchasing | ||
| 650 | _xManagement System | ||
| 999 |
_c285040 _d285040 |
||